000 00714nam a2200253Ia 4500
003 OSt
005 20220930071616.0
006 a|||||r|||| 00| 0
007 ta
008 220926b |||||||| |||| 00| 0 hin d
024 _a17696
037 _cTheses
040 _aCRL
_cCRL
_bhin
041 _2hin
_ahin
100 _aSharma Premlata
110 _aUniversity of Delhi. Faculty of Arts. Department of Hindi
245 0 _aRangheya Raghav ke upanyason mein samajik cheatna.
260 _c1984
300 _a322p.
_ap.
_ccm.
650 _aHINDI LITERATURE
_923866
700 _aUniversity of Delhi. Faculty of Arts. Department of Hindi
942 _cDIS
_2CC
999 _c862563
_d862563